Versión métrica moderna del poema del cid / (Registro nro. 9304)

Detalles MARC
000 -LIDER
fixed length control field 00537nam a22002057a 4500
001 - NÚMERO DE CONTROL
Identificador de número de control 00107
003 - IDENTIFICACDOR DE NÚMERO DE CONTROL
control field DO-SdBNP
005 - DATE AND TIME OF LATEST TRANSACTION
control field 20180213135008.0
007 - CAMPOS FIJOS DE DESCRIPCIÓN FÍSICA
fixed length control field 00107
008 - ELEMENTOS DE LONGITUD FIJA
fixed length control field 160318b dr 19uu ||||| |||| 00| 0 spa d
040 ## - FUENTE DE CATALOGACIÓN
Agencia que crea de manera original el registro BPMSU
Idioma de catalogación spa
Agencia que realiza la transcripción BPMSU
092 ## - LOCALLY ASSIGNED DEWEY DECIMAL CALL NUMBER
Número de clasificación xxxxxxxx
Número de ítem (Cutter) xxxxxxxx
245 ## - MENCIÓN DE TITULO
Título Versión métrica moderna del poema del cid /
246 ## - VARIACION DEL TÍTULO
Título propiamente dicho o título corto Poema del Cid /
260 ## - PUBLICACIÓN, DISTRIBUCIÓN, ETC. (PIE DE IMPRENTA)
Lugar de publicación, distribución, etc Santo Domingo :
Nombre del editor, distribuidor, etc. (s. n.),
Fecha de publicación, distribución, etc (s.f.)
300 ## - DESCRIPCIÓN FÍSICA
Extensión 159 p. :
Dimensiones 18 cm.
942 ## - ADDED ENTRY ELEMENTS (KOHA)
Source of classification or shelving scheme Dewey Decimal Classification
Koha item type Libros
945 ## - INFORMACIÓN DE PROCESAMIENTO LOCAL
Información de procesamiento local Inventariado, 2018/ YL
956 ## - LOCAL ELECTRONIC LOCATION AND ACCESS (OCLC)
Nombre de host Brenda Tavárez
Existencias
Withdrawn status Lost status Source of classification or shelving scheme Damaged status Not for loan Collection code Home library Current library Date acquired Source of acquisition Total Checkouts Barcode Date last seen Price effective from Koha item type
    Dewey Decimal Classification     Colección Dominicana Biblioteca Pública Metropolitana Salomé Ureña Biblioteca Pública Metropolitana Salomé Ureña 03/18/2016 Donación   BPMSU16030184 03/18/2016 03/18/2016 Libros